[Event "NOR-ch Elite 2017"]
[Site "Stavanger"]
[Date "2017.07.02"]
[Round "3"]
[White "Urkedal, Frode"]
[Black "Hauge, Lars Oskar"]
[Result "1-0"]
[WhiteElo "2543"]
[BlackElo "2439"]
[Annotator "TA"]
[PlyCount "73"]
[EventDate "2017.??.??"]
[EventType "swiss"]
[EventCountry "NOR"]
[SourceTitle "playchess.com"]
[Source "ChessBase"]
[SourceQuality "1"]

{[%evp 23,73,37,44,0,0,0,0,0,0,0,0,5,44,34,29,28,21,-25,0,0,0,0,0,0,0,0,0,0,0,0,0,0,22,16,16,0,55,54,200,16,74,0,220,221,206,224,303,234,220,152,1220,1209]} 1. d4 Nf6 2. c4 e6 3. Nc3 Bb4 4. Qc2 O-O 5. Nf3 c5 6. dxc5 Na6 7. g3 Nxc5 8. Bg2 b6 9. O-O {E39: Nimzo-Indian: Classical: 4...c5 5 dxc5 0-0} Bb7 10. Nb5 Be4 11. Qd1 a6 12. Nd6 Bc6 $1 {LiveBook: 9 Games} 13. a3 $146 (13. Bf4 $5 {[%cal Ra2a3]} Nce4 14. a3 Bxd6 15. Bxd6 $11) ({Predecessor:} 13. Bd2 Bxd2 {½-½ (13) Fridman,D (2616)-Wojtaszek,R (2716) Trzcianka 2014}) 13... Ba4 $1 {[%cal Ra4d1]} 14. b3 Bxb3 15. Qd4 Ba5 16. Ne5 Ra7 17. Bb2 Na4 18. Nb7 Qc7 19. Nxa5 bxa5 20. Ng4 (20. Bc1 {is more complex.} Qc5 21. Qf4 Nh5 22. Qe3 Qxe3 23. Bxe3 Rc7 24. Rfc1) 20... Nxb2 21. Nxf6+ gxf6 22. Qxb2 Bxc4 {And now ...Qe5 would win.} 23. Qxf6 d5 24. Qg5+ Kh8 25. Qf6+ Kg8 26. Rfe1 Qe7 27. Qc3 Qc5 28. Qe5 Rc7 29. Rad1 d4 (29... Rfc8 $11) 30. Qf6 $14 {[%mdl 1024] White has compensation.} e5 (30... Qe7 $14 31. Qxe7 (31. Qxd4 Qxa3 32. Qg4+ Kh8 $11) 31... Rxe7) 31. Qg5+ (31. Rc1 $1 $18 {and the rest is easy.}) 31... Kh8 $16 {[#]} 32. Qf6+ (32. Qh6 $1 $16) 32... Kg8 $18 {[#]} 33. Rc1 $1 Rfc8 34. Rc2 Qxa3 35. Qg5+ ({Not} 35. Qxe5 Rc5 $14) 35... Kf8 36. Qxe5 {Hoping for Rec1.} Rc5 $2 (36... Qa4 $16 37. Qh8+ Ke7 38. Qxh7 Be6 39. Qh4+ Ke8 40. Rxc7 Rxc7) 37. Qd6+ {Precision: White = 67%, Black = 37%.} 1-0

[Event "NOR-ch Elite 2017"]
[Site "Stavanger"]
[Date "2017.07.02"]
[Round "3"]
[White "Christiansen, Johan-Sebastian"]
[Black "Risting, Eivind Olav"]
[Result "1-0"]
[WhiteElo "2471"]
[BlackElo "2307"]
[Annotator "TA"]
[PlyCount "71"]
[EventDate "2017.??.??"]
[EventType "swiss"]
[EventCountry "NOR"]
[SourceTitle "playchess.com"]
[Source "ChessBase"]
[SourceQuality "1"]

{[%evp 9,71,16,29,19,16,20,17,17,17,15,19,15,15,14,21,24,25,14,18,18,27,18,19,21,20,5,18,17,47,38,41,29,59,51,97,93,102,102,79,66,64,63,73,63,49,49,72,70,122,120,133,132,88,48,363,346,560,558,554,551,676,554,629,610]} 1. e4 c6 2. Nc3 d5 3. Nf3 Nf6 4. e5 Ne4 5. Ne2 Qb6 {[%csl Ge4][%cal Rb6f2]} 6. d4 {B11: Caro-Kann: Two Knights Variation} e6 7. Nfg1 (7. Ng3 c5 8. Bd3 Nc6 9. Nxe4 dxe4 10. Bxe4 cxd4 11. O-O Bd7 12. a3 h6 13. Re1 {1-0 (71) Short,N (2675)-Caruana,F (2827) Caleta 2017}) 7... f6 8. f3 {The position is equal.} Ng5 9. exf6 gxf6 10. f4 Nf7 11. Nf3 e5 12. fxe5 fxe5 13. Ng3 Bg4 $146 14. Be2 Bxf3 15. Bxf3 {Threatens to win with Bh5.} Qxd4 16. Qxd4 exd4 17. Bd2 Nd7 {[%cal Bb8d7,Bd7e5,Be5g6][%mdl 32]} 18. O-O-O $36 {[%mdl 2048] White has good play.} O-O-O 19. Bh5 {[%mdl 1024] White has compensation.} Nde5 20. Rde1 Bd6 21. Rhf1 Rd7 22. Nf5 Bc7 23. Nxd4 Rg8 24. g4 {[%cal Bg2g4,Bg4g5][%mdl 32]} Ng6 25. g5 {Black must now prevent Bg4.} Nfe5 26. Nf5 Kb8 27. b3 Rf8 28. Bb4 {aiming for Bxg6.} Rfd8 {[#]} (28... Rff7 $14) 29. Nd4 $1 $16 Rg8 30. Rf6 a5 31. Ba3 Nf7 $2 {[%mdl 8192]} (31... Nf4 $14 32. Rxf4 Nd3+ 33. cxd3 Bxf4+ 34. Kc2 Bxg5) 32. Bg4 $18 Nfe5 $2 (32... Rgd8 {keeps fighting.} 33. Bxd7 Rxd7) 33. Bxd7 {White is clearly winning.} Nxd7 34. Rf7 Bf4+ 35. Kd1 Nde5 {[#]} 36. Rxf4 $1 {[%mdl 512] Precision: White = 90%, Black = 53%.} 1-0

[Event "NOR-ch Elite 2017"]
[Site "Stavanger"]
[Date "2017.07.02"]
[Round "3"]
[White "Arvola, Benjamin"]
[Black "Haug, Johannes"]
[Result "0-1"]
[WhiteElo "2469"]
[BlackElo "2328"]
[Annotator "TA"]
[PlyCount "83"]
[EventDate "2017.??.??"]
[EventType "swiss"]
[EventCountry "NOR"]
[SourceTitle "playchess.com"]
[Source "ChessBase"]
[SourceQuality "1"]

{[%evp 30,83,0,-29,-20,-25,-6,-10,0,-21,-9,-30,0,0,6,0,0,0,-6,-47,0,0,0,0,-1,-103,-89,-88,0,-68,-51,-286,-276,-389,-398,-389,-387,-361,-379,-410,-413,-433,-426,-677,-606,-804,-797,-790,-789,-975,-975,-939,-867,-1066,-972,-6170]} 1. e4 c6 2. d4 d5 3. Nc3 dxe4 4. Nxe4 Bf5 5. Ng3 Bg6 6. Nf3 Nd7 7. h4 h6 8. h5 Bh7 9. Bd3 Bxd3 10. Qxd3 e6 11. Bf4 Qa5+ {B19: Classical Caro-Kann: 4...Bf5 main line} 12. Bd2 Bb4 13. c3 Be7 14. c4 Qc7 15. O-O-O Ngf6 16. Rhe1 {[#] LiveBook: 77 Games} O-O $146 ({Predecessor:} 16... a5 17. Kb1 O-O 18. Ne5 Nxe5 19. dxe5 {0-1 (42) Svetushkin,D (2570)-Berkes,F (2663) Germany 2009}) 17. Ne5 Nxe5 18. dxe5 Rfd8 (18... Nd7 {seems wilder.} 19. f4 b5 20. Ne4 Rfd8 21. Qc2 bxc4 22. Qxc4 Qb7) 19. Qe2 Nd7 20. Kb1 a5 {[%cal Ba7a5,Ba5a4][%mdl 32]} 21. f4 Nc5 22. Be3 a4 23. Qc2 Qa5 $36 {[%mdl 2048] Black has good play.} 24. a3 b5 {[%cal Bb7b5,Bb5c4,Bc4c3][%mdl 32]} 25. Bd2 Qa6 26. Bb4 bxc4 27. Ne4 (27. f5 $1 $11) 27... Rxd1+ 28. Rxd1 Qb5 (28... Nxe4 $17 29. Bxe7 Ng3) 29. Rc1 ({White should try} 29. Bxc5 $11 Bxc5 30. Qc3) 29... Nxe4 (29... Rb8 $5 {[%cal Rc5e4]} 30. Qxc4 Nxe4 31. Qxb5 cxb5 32. Bxe7 Ng3 $15) 30. Bxe7 $2 {[#]} (30. Qxe4 $15 Rb8 31. Rxc4) 30... c3 $1 $19 31. Re1 (31. Rd1 $142) 31... Nd2+ 32. Kc1 Nb3+ 33. Kb1 cxb2 34. Rd1 c5 35. Bd6 Qc6 {Black is clearly winning.} 36. Kxb2 (36. f5 $142 exf5 37. e6 fxe6 38. Be5) 36... Nd4 37. Rxd4 {[#] Black must now prevent Rc4.} Qb7+ 38. Rb4 cxb4 39. Bxb4 Rc8 40. Qd2 Qc6 41. g4 Qf3 42. g5 {Precision: White = 34%, Black = 52%.} 0-1

[Event "NOR-ch Elite 2017"]
[Site "Stavanger"]
[Date "2017.07.02"]
[Round "3"]
[White "Elsness, Frode"]
[Black "Tari, Aryan"]
[Result "1/2-1/2"]
[WhiteElo "2450"]
[BlackElo "2595"]
[Annotator "TA"]
[PlyCount "137"]
[EventDate "2017.??.??"]
[EventType "swiss"]
[EventCountry "NOR"]
[SourceTitle "playchess.com"]
[Source "ChessBase"]
[SourceQuality "1"]

{[%evp 15,137,6,12,11,30,-18,-13,-20,-20,-19,-14,-10,0,0,0,0,0,0,0,0,0,0,0,0,0,0,5,0,0,-5,0,0,0,0,0,0,18,16,18,0,133,118,242,240,242,242,231,152,148,101,102,104,108,106,99,92,92,86,78,83,83,79,88,81,75,77,76,79,84,72,81,81,82,79,94,94,94,94,98,98,124,117,122,58,58,58,58,58,69,41,41,14,31,31,31,19,31,15,31,26,26,14,14,14,14,14,14,14,14,14,14,14,24,8,8,8,8,8,8,8,8,8,8,8]} 1. d4 Nf6 2. c4 e6 3. Nf3 d5 4. g3 Bb4+ 5. Bd2 Bd6 (5... Be7 6. Bg2 O-O 7. O-O Nbd7 8. a4 a5 9. Qc2 c6 10. Rc1 Ne4 11. Ne1 Nd6 12. Na3 b6 13. cxd5 cxd5 14. Qb3 Ba6 15. Nb5 Rc8 {½-½ (32) Aronian,L (2793)-Anand,V (2786) Stavanger 2017}) 6. Nc3 {E01: Catalan: Early deviations} O-O 7. Bg5 Be7 8. Bg2 Nbd7 {LiveBook: 3 Games} 9. O-O dxc4 $146 ({Predecessor:} 9... c6 10. Qd3 b6 11. Rfd1 Ba6 12. b3 b5 {1-0 (41) Stopa,J (2455)-Krzywda,A (2148) Poronin 2016}) 10. Nd2 Nb6 11. e3 e5 12. Bxf6 Bxf6 13. d5 c6 14. dxc6 bxc6 15. Bxc6 Rb8 16. Qe2 Be6 17. Rfd1 Qc8 18. Bf3 Be7 19. Rac1 Rd8 20. Ndb1 Qc5 21. Rxd8+ Rxd8 22. Rd1 g6 23. Rxd8+ Bxd8 24. Bg4 f5 25. Bh3 Qd6 26. e4 Kg7 27. Nd2 Bg5 {[#]} (27... Qd3 $11 {keeps the balance.}) 28. exf5 $1 $16 Bxf5 (28... gxf5 $16 29. Nce4 fxe4 30. Nxe4 Qd3 31. Qxd3 cxd3 32. Bxe6 Bc1) 29. Nde4 $18 ({Don't do} 29. Nxc4 $6 Nxc4 30. Bxf5 gxf5) 29... Bxe4 30. Nxe4 ({Don't play} 30. Qxe4 $6 Qc7 $16) 30... Qe7 31. Qd1 Qd8 32. Qg4 Be7 33. Qe6 Qc7 34. Bf1 Bd8 35. h4 (35. Qe8 {is interesting.} a6 36. h4 Qe7 37. Qc6 Qc7 38. Qe6) 35... Qe7 36. Bxc4 {[#] Strongly threatening Qg8+.} Qxe6 37. Bxe6 $16 {[%mdl 4096] Endgame KBN-KBN} Be7 38. b3 Na8 39. Kf1 Nc7 40. Bc4 Ne8 41. Ke2 h6 42. Kd3 Nf6 43. Nc3 Bc5 44. Ke2 g5 45. hxg5 hxg5 46. Be6 Kf8 47. f3 Bd4 48. Nb5 Bb6 49. Bc4 (49. Bf5 $16) 49... e4 $14 50. fxe4 Nxe4 51. Kf3 Nf6 52. b4 Ke7 53. a4 a5 54. bxa5 Bxa5 55. Nd4 {aiming for Nc6+.} Kd6 56. Nb3 Be1 57. a5 g4+ 58. Kg2 Kc7 59. a6 Kb6 60. Nc5 Bb4 ({But not} 60... Kxc5 $2 61. a7 $18) 61. Ne6 Bd6 62. Nd4 Bb8 63. Nf5 Ne4 64. Ne7 Nxg3 {The position is equal.} 65. Nc8+ Kc5 66. a7 Bxa7 $1 67. Nxa7 Kxc4 68. Kxg3 Kc5 69. Kxg4 {Precision: White = 65%, Black = 65%.} 1/2-1/2

[Event "NOR-ch Elite 2017"]
[Site "Stavanger"]
[Date "2017.07.02"]
[Round "3"]
[White "Kaasen, Tor Fredrik"]
[Black "Lie, Kjetil A"]
[Result "0-1"]
[WhiteElo "2409"]
[BlackElo "2539"]
[Annotator "TA"]
[PlyCount "84"]
[EventDate "2017.??.??"]
[EventType "swiss"]
[EventCountry "NOR"]
[SourceTitle "playchess.com"]
[Source "ChessBase"]
[SourceQuality "1"]

{[%evp 9,84,38,49,48,43,41,41,41,36,-12,-7,-7,-23,-27,24,35,40,0,16,0,22,-22,-24,-11,-10,-42,-6,-10,0,-70,-72,-77,-64,-63,-53,-170,-55,-41,-39,-158,-153,-166,-166,-172,-44,-73,-68,-77,-73,-222,-154,-131,-100,-111,-16,-14,-15,-275,-282,-434,-422,-429,-381,-430,-443,-487,-503,-533,-528,-629,-629,-616,-612,-598,-613,-1048,-1038]} 1. d4 Nf6 2. c4 e6 3. Nf3 c5 4. d5 b5 5. Bg5 b4 6. e4 {E10: Blumenfeld Gambit} d6 7. Bd3 Be7 8. O-O {And now e5 would win.White is slightly better.} a5 9. dxe6 $146 ({Predecessor:} 9. Bf4 O-O 10. h3 e5 11. Bh2 Nbd7 12. Nbd2 a4 13. Ne1 g6 {0-1 (30) Bellahcene,B (2367)-Nisipeanu,L (2677) Metz 2013}) 9... Bxe6 10. e5 dxe5 11. Nxe5 Qd4 (11... Bd6 $142 12. Nf3 h6 13. Bxf6 Qxf6) 12. Qe2 $1 $11 h6 13. Re1 (13. Bxf6 $5 Bxf6 14. Ng6 $14) 13... Ra6 ({Don't blunder} 13... hxg5 $2 14. Nxf7 $1 {[%mdl 512]} Qxd3 15. Qxe6 $18) 14. Bc1 Nc6 15. Nf3 Qd7 16. Nbd2 O-O $36 {[%mdl 2048] Black has the initiative.} 17. Ne4 Rd8 18. Bc2 Bf5 {...Nd4 is the strong threat.} 19. Bf4 ({Better is} 19. Ng3 $11 Bxc2 20. Qxc2) 19... Bxe4 $15 20. Bxe4 Nxe4 21. Qxe4 Bf6 22. Rab1 (22. Qc2 $1 $15) 22... Nd4 (22... b3 $1 $19 {[%cal Rb3a2]} 23. a3 (23. axb3 Nb4 $17) 23... Nd4 24. Nxd4 Bxd4) 23. Nxd4 Bxd4 24. h3 ({White should play} 24. Qc2 $15) 24... Re6 $17 25. Qc2 {[#]} Rde8 $1 26. Rxe6 Rxe6 (26... Qxe6 $19 27. Rd1 Qe4) 27. Rd1 Qe7 {White must now prevent ...Re2.} 28. Kf1 $1 Qf6 29. Qd2 (29. Bc1 $17 {was called for.}) 29... Bxb2 30. Be3 Bc3 31. Qd8+ {[#]} Qxd8 (31... Kh7 $1 $17 {Strongly threatening ...Qg6.} 32. Qxf6 Bxf6 33. Bxc5 Re4) 32. Rxd8+ {[%mdl 4096] Endgame KRB-KRB} Kh7 33. Rd5 $2 {[%mdl 8192]} (33. Ra8 $1 $11 {and White has nothing to worry.}) 33... a4 $19 34. Bd2 (34. Rd7 $142) 34... Bxd2 35. Rxd2 {KR-KR} Re4 36. Rc2 Kg6 {Black is clearly winning.} 37. f3 Rd4 38. Ke2 f5 39. g3 f4 40. gxf4 Rxf4 41. Ke3 Kf5 42. Kd3 Rxf3+ {Precision: White = 28%, Black = 56%.} 0-1

[Event "NOR-ch Elite 2017"]
[Site "Stavanger"]
[Date "2017.07.02"]
[Round "3"]
[White "Holm, Kristian Stuvik"]
[Black "Hammer, Jon Ludvig"]
[Result "0-1"]
[WhiteElo "2403"]
[BlackElo "2628"]
[Annotator "TA"]
[PlyCount "66"]
[EventDate "2017.??.??"]
[EventType "swiss"]
[EventCountry "NOR"]
[SourceTitle "playchess.com"]
[Source "ChessBase"]
[SourceQuality "1"]

{[%evp 26,66,0,0,45,12,13,15,16,13,16,-64,-55,-50,-49,-49,-57,-60,-61,-119,-127,-124,-122,-117,-129,-119,-119,-168,-164,-151,-158,-155,-158,-292,-302,-307,-299,-637,-622,-29994,-29995,-29996,-29997]} 1. d4 d5 2. c4 e6 3. Nc3 c6 4. e3 Nf6 5. Nf3 Nbd7 6. Qc2 Bd6 7. Bd3 O-O 8. O-O dxc4 9. Bxc4 b5 10. Be2 Bb7 11. e4 e5 12. Rd1 Qc7 13. dxe5 Nxe5 14. Nd4 b4 {D46: Semi-Slav: 5 e3 Nbd7 6 Bd3, Black avoids the Meran} (14... Bc5 15. h3 Qb6 16. Be3 Rad8 17. Nf5 Bxe3 18. Nxe3 Bc8 19. Rxd8 Rxd8 20. Rd1 {½-½ (20) Brunello,S (2568)-So,W (2744) Bergamo 2014}) 15. Na4 (15. Nf5 $5 {[%cal Rd1d6]} Bc5 16. Na4 Bxf2+ 17. Kxf2 Neg4+ 18. Kf3 Nxh2+ 19. Kf2 $14) 15... Ng6 $1 16. g3 {Hoping for Nf5.} Rfe8 {The position is equal.} 17. Bf3 $146 ({Predecessor:} 17. Nf5 Bf8 18. f3 c5 19. Bg5 Qe5 20. Bb5 Red8 21. Rxd8 Rxd8 22. Re1 {0-1 (65) Chabanon,J (2490)-Fressinet,L (2455) Meribel 1998}) 17... Bf8 18. Bg2 (18. Bg5 $11) 18... c5 $15 {[%cal Rb7e4]} 19. f3 $1 Rad8 $36 {[%mdl 2048] aiming for ...Qd7. White is under pressure.} 20. Bg5 Qa5 21. Nf5 $1 {[#]} c4 $1 {[%mdl 512]} 22. Nh6+ ({White should try} 22. Kh1 $15) (22. Qxc4 Qxa4) 22... gxh6 $17 23. Bxf6 {[#]} Rxd1+ $1 24. Rxd1 Bc6 25. b3 c3 26. f4 Bg7 27. Bxg7 Kxg7 28. e5 Bxg2 29. Qxg2 {[#]} (29. Kxg2 $17 Rd8 30. Nxc3 bxc3 31. Rxd8 Qxd8 32. Qxc3) 29... Rd8 $1 $19 {[%cal Rd8d1]} 30. Rd6 Qc7 31. Rxd8 $2 (31. Qc6 Qxc6 32. Rxc6) 31... c2 32. Qa8 {[%csl Ga8][%cal Rd8g8]} c1=Q+ 33. Kf2 Q7c2+ {Precision: White = 27%, Black = 83%.} 0-1

[Event "NOR-ch Elite 2017"]
[Site "Stavanger"]
[Date "2017.07.02"]
[Round "3"]
[White "Haldorsen, Benjamin"]
[Black "Lie, Espen"]
[Result "1/2-1/2"]
[WhiteElo "2370"]
[BlackElo "2462"]
[Annotator "TA"]
[PlyCount "82"]
[EventDate "2017.??.??"]
[EventType "swiss"]
[EventCountry "NOR"]
[SourceTitle "playchess.com"]
[Source "ChessBase"]
[SourceQuality "1"]

{[%evp 13,82,24,41,35,27,29,12,27,26,18,27,16,17,11,27,13,29,0,14,0,14,10,9,-32,-34,-41,-18,-11,-15,-17,-16,-15,-7,-18,-7,-17,-8,-2,-9,-9,-4,-22,-20,-16,-6,-10,0,0,0,0,8,4,13,7,10,0,0,0,0,0,0,0,0,0,0,0,0,0,0,0,8]} 1. e4 Nf6 2. e5 Nd5 3. d4 d6 4. Nf3 dxe5 (4... Nc6 5. c4 Nb6 6. exd6 exd6 7. Be2 Be7 8. O-O O-O 9. h3 Bf6 10. Nc3 Re8 11. Re1 Bf5 12. a3 d5 13. c5 Nc8 14. Bf4 N8e7 15. Bf1 Qd7 16. b4 Ng6 17. Rxe8+ Rxe8 18. Bg3 Be4 {0-1 (60) Grigoriants,S (2576)-Nakamura,H (2786) chess.com INT 2017}) 5. c4 e4 6. cxd5 {B04: Alekhine's Defence: 4 Nf3} exf3 7. Qxf3 g6 {LiveBook: 7 Games} 8. Bb5+ {White is slightly better.} Bd7 9. Bc4 Bg7 10. Nc3 O-O 11. O-O c6 $1 12. Bg5 {[#] Strongly threatening d6!} h6 $146 13. Be3 cxd5 14. Bxd5 Bc6 15. Bxc6 Nxc6 16. Rfd1 Qd7 17. d5 Ne5 18. Qg3 Nc4 19. Bd4 Rac8 20. Bxg7 {The position is equal.} Kxg7 21. b3 Nd6 22. Qe5+ Kh7 23. g3 Rc7 24. Ne4 Rd8 25. Rac1 Rdc8 26. Rxc7 Rxc7 27. h4 Qf5 28. Qxf5 Nxf5 $11 {[%mdl 4096] Endgame KRN-KRN} 29. Kg2 Rc2 30. Rd2 Rxd2 31. Nxd2 {KN-KN} Nd4 32. Nc4 Nb5 33. a4 Nd6 34. Nxd6 exd6 {KP-KP} 35. b4 Kg7 36. Kf3 f5 37. Ke3 Kf6 {White must now prevent ...Ke5.} 38. f4 Ke7 39. Kd4 Kd7 40. Kc4 a6 41. a5 (41. b5 $5 {[%cal Rc4b4]} Kc7 42. Kb4 $11) 41... h5 {Precision: White = 59%, Black = 63%.} 1/2-1/2

[Event "NOR-ch Elite 2017"]
[Site "Stavanger"]
[Date "2017.07.02"]
[Round "3"]
[White "Gronn, Atle"]
[Black "Lovik, Lasse Ostebo"]
[Result "1/2-1/2"]
[WhiteElo "2331"]
[BlackElo "2400"]
[Annotator "TA"]
[PlyCount "60"]
[EventDate "2017.??.??"]
[EventType "swiss"]
[EventCountry "NOR"]
[SourceTitle "playchess.com"]
[Source "ChessBase"]
[SourceQuality "1"]

{[%evp 17,60,2,14,-5,10,21,8,7,18,18,23,23,16,18,28,17,27,15,23,23,23,23,26,23,22,6,6,7,7,7,7,1,7,7,10,0,8,0,2,0,6,0,8,0,6]} 1. Nf3 Nf6 2. c4 b6 3. g3 Bb7 4. Bg2 g6 5. d4 Bg7 6. O-O O-O 7. Nc3 Ne4 8. Qc2 Nxc3 {A50: Queen's Fianchetto Defence (1 d4 Nf6 2 c4 b6)} 9. Qxc3 d6 {LiveBook: 3 Games} (9... c5 10. Be3 d6 11. Qd2 e5 12. d5 Nd7 13. Ng5 Nf6 14. Ne4 Nxe4 15. Bxe4 f5 {½-½ (37) Fridman,D (2648)-Giri,A (2790) Netherlands 2015}) 10. b3 c5 $146 (10... e5 $5) ({Predecessor:} 10... Nd7 11. Bb2 d5 12. Qc2 dxc4 13. bxc4 e6 14. Rad1 Nf6 15. Ne5 Bxg2 16. Kxg2 {½-½ (72) Sanz Lopez,R-Gutierrez Gonzalez,R San Jose 1997}) 11. Bb2 cxd4 12. Nxd4 Bxg2 13. Kxg2 Nc6 14. Qd2 Nxd4 15. Bxd4 Qd7 16. Bxg7 Kxg7 17. Qd4+ Kg8 18. h4 h5 19. Rfd1 Rac8 20. Qe4 (20. a4 {looks sharper.} Rc5 21. Rd2 Qe6 22. Qd3 Rfc8 23. Rad1) 20... Rc5 21. Rd5 {The position is equal.} (21. Rd4 {is interesting.} Rfc8 22. a4 a6 23. Rad1 Kg7 24. Rd5) 21... Rxd5 22. Qxd5 $11 {[%mdl 4096] Endgame KQR-KQR} Rc8 23. Rd1 Rc5 24. Qe4 Rc8 25. Rd5 Rc5 26. Qf3 Kg7 27. Qc3+ Kg8 28. Qf3 Kg7 29. Qc3+ Kg8 30. Qf3 Kg7 {Precision: White = 40%, Black = 63%.} 1/2-1/2

[Event "NOR-ch Elite 2017"]
[Site "Stavanger"]
[Date "2017.07.02"]
[Round "3"]
[White "Moen, Andreas"]
[Black "Aulin-Jansson, Joran"]
[Result "1-0"]
[WhiteElo "2329"]
[BlackElo "2267"]
[Annotator "TA"]
[PlyCount "93"]
[EventDate "2017.??.??"]
[EventType "swiss"]
[EventCountry "NOR"]
[SourceTitle "playchess.com"]
[Source "ChessBase"]
[SourceQuality "1"]

{[%evp 16,93,41,29,53,62,55,48,58,28,30,52,67,73,65,58,80,70,62,58,84,76,88,83,95,41,47,49,48,32,35,31,90,89,120,112,114,102,99,85,134,130,127,119,117,109,121,121,120,124,117,108,111,105,196,191,208,201,201,199,196,196,194,188,247,247,745,725,7034,6625,6211,6199,29981,12812,10007,10007,10007,8997,29997,29998]} 1. e4 d6 2. d4 Nf6 3. Nc3 e5 4. Nf3 Nbd7 5. Bc4 Be7 6. O-O O-O 7. a4 c6 8. Re1 a5 9. Ba2 Rb8 {C41: Philidor Defence} 10. h3 b5 11. axb5 cxb5 {White is slightly better.} 12. Nd5 $146 ({Predecessor:} 12. Qd3 Bb7 13. dxe5 dxe5 14. Qxb5 Nxe4 15. Nxe4 Bxe4 16. Qe2 Bg6 17. Bb3 {1-0 (53) Zhigalko,S (2652)-Asadli,V (2406) Baku 2016}) 12... Nxd5 13. Bxd5 Bf6 14. Bd2 b4 15. c3 Bb7 16. Bxb7 Rxb7 17. Qa4 Nb6 18. Qxa5 Nc4 19. Qd5 Qc7 20. cxb4 ({White should try} 20. Ra6 $16 Rb6 21. Rxb6 Nxb6 22. Qa5) 20... Nxd2 $14 21. Nxd2 {[%cal Bf3d2,Bd2c4,Bc4d6][%mdl 32]} Rxb4 22. Rac1 Qb8 23. Nc4 exd4 (23... Rd8 $14) 24. Nxd6 $16 d3 {Threatens to win with ...Rd4.} 25. e5 $1 {[%cal Re5f6,Be4e5,Be5e6][%mdl 32]} Bg5 26. Rcd1 {Hoping for e6.} d2 27. Re4 Rxb2 {[#]} 28. Nxf7 $1 $40 {[%mdl 640] White attacks with force.} Rxf7 29. e6 Re7 30. Qxg5 Qd6 31. Qe3 Rb6 32. Rd4 Qxe6 33. Rd8+ ({Of course not} 33. R1xd2 $6 Qxe3 34. fxe3 Rxe3 $11) 33... Kf7 34. Qxd2 Qf5 (34... Qe2 $16 35. Qf4+ Rf6) 35. Qa2+ $18 Qe6 36. Qa8 Qe4 37. Rf8+ Kg6 38. Qd8 $1 {[%cal Rd8b6]} Rf6 39. Rxf6+ gxf6 {[%mdl 4096] Endgame KQR-KQR} (39... Kxf6 {was called for.} 40. Rd4 Qe5) 40. Rd3 $1 {[%cal Rd3g3] And now Rg3+ would win.} Re5 $2 (40... Kf7 41. Rg3 Re8) 41. Qg8+ Kh6 42. Qf8+ Kg6 {[#]} 43. Rd7 $1 {Threatening mate with Qg7+.} h5 44. Rg7+ (44. Qg7+ $142 Kf5 45. Qh7+ Kg5 46. Rg7+ Kf4 47. Qh6+ Kf5 48. Qxh5+ Ke6 49. Qf7+ Kd6 50. Qc7+ Kd5 51. Rd7+ Ke6 52. Rd6+ Kf5 53. Qh7+ Kg5 54. Qg7+ Qg6 {[#]} 55. f4+ $1 {[%mdl 512]} Kf5 56. g4+ Kxf4 57. Qxg6) 44... Kf5 45. g4+ hxg4 46. hxg4+ Ke6 47. Qc8+ {Precision: White = 81%, Black = 45%.} 1-0

[Event "NOR-ch Elite 2017"]
[Site "Stavanger"]
[Date "2017.07.02"]
[Round "3"]
[White "Tryggestad, Andreas Garberg"]
[Black "Mihajlov, Sebastian"]
[Result "1-0"]
[WhiteElo "2324"]
[BlackElo "2414"]
[Annotator "TA"]
[PlyCount "73"]
[EventDate "2017.??.??"]
[EventType "swiss"]
[EventCountry "NOR"]
[SourceTitle "playchess.com"]
[Source "ChessBase"]
[SourceQuality "1"]

{[%evp 15,73,13,18,10,14,0,19,14,19,10,2,0,22,13,25,25,38,11,61,26,47,27,45,0,7,-18,33,-52,0,0,0,0,7,0,0,0,0,0,0,-8,13,0,56,40,164,173,248,248,241,233,212,227,165,165,368,368,375,367,673,668]} 1. d4 Nf6 2. c4 g6 3. Nc3 Bg7 4. e4 d6 5. Nf3 O-O 6. Be2 e5 7. d5 Nh5 8. O-O Nf4 {LiveBook: 3 Games. E92: King's Indian: Classical: 6 Be2 e5: 7 dxe5, 7 Be3 and Petrosian System without 7...Nbd7} 9. Ne1 f5 10. Nd3 Nxd3 $146 {The position is equal.} ({Predecessor:} 10... fxe4 11. Nxe4 b6 12. Rb1 a5 13. b3 Na6 14. Nxf4 exf4 15. Bg4 h6 16. Bxc8 Qxc8 {1-0 (44) Jusupov,T (2094)-Vafin,N (2050) Kazan 2008}) 11. Qxd3 Nd7 12. exf5 gxf5 13. f4 e4 14. Qg3 Nf6 15. Be3 Bd7 16. Rad1 Qe7 17. Bd4 c5 18. dxc6 $1 bxc6 19. c5 {And now cxd6 would win.} d5 20. b4 $1 Kh8 (20... Ne8 $11) 21. a4 ({White should try} 21. Qh4 $14) 21... a6 (21... Ne8 $1 $15) 22. b5 $11 axb5 23. axb5 cxb5 (23... Ng4 $5 {[%cal Rg7d4]} 24. Bxg7+ Qxg7 25. Bxg4 Ra3 26. Bxf5 Qxg3 27. hxg3 Bxf5 28. Nxd5 cxd5 $11) 24. Nxd5 (24. Bxb5 {keeps more tension.} Ng4 25. Bxd7 Ra3 26. Bxg7+ Qxg7 27. Bxf5 Rxf5 28. h3) 24... Nxd5 25. Bxg7+ Qxg7 26. Qxg7+ Kxg7 27. Rxd5 Rf7 28. Rd6 Rc8 (28... Ra2 $11 29. Bd1 Rb2) 29. Rc1 $14 {Strongly threatening c6.} Rc6 {[#]} (29... Be8 $14) 30. Rxd7 $1 $18 {[%mdl 512]} Rxd7 31. Bxb5 Rdc7 32. Bxc6 Rxc6 {KR-KR} 33. Kf2 Kf6 34. Ke3 Ke6 $2 {[#]} (34... h5 {was called for.} 35. Kd4 Ke6) 35. g4 $1 {[%mdl 512]} fxg4 36. Kxe4 h5 $2 (36... Ke7 37. Rc2 Re6+ 38. Kd5 Re1) 37. f5+ {Precision: White = 60%, Black = 30%.} 1-0